Fixed gas extinguishing systems for fire protection (Record no. 109923)

MARC details
000 -LEADER
fixed length control field 01049cam a22002415a 4500
001 - CONTROL NUMBER
control field E148164
008 - FIXED-LENGTH DATA ELEMENTS--GENERAL INFORMATION
fixed length control field 090810s2009 xxkao f 000 0 eng d
035 ## - SYSTEM CONTROL NUMBER
System control number (Sirsi) u148164
041 0# - LANGUAGE CODE
Language code of text/sound track or separate title eng
050 04 - LIBRARY OF CONGRESS CALL NUMBER
Classification number 693.82 $2 18
100 1# - MAIN ENTRY--PERSONAL NAME
Personal name Jackman, Louise
245 00 - TITLE STATEMENT
Title Fixed gas extinguishing systems for fire protection
260 ## - PUBLICATION, DISTRIBUTION, ETC.
Place of publication, distribution, etc. Garston
Name of publisher, distributor, etc. BRE
Date of publication, distribution, etc. 2009
300 ## - PHYSICAL DESCRIPTION
Extent 12p.
Other physical details col. ill.
Dimensions 30cm.
490 #0 - SERIES STATEMENT
Series statement BRE Digest
Volume/sequential designation DG 513
505 2# - FORMATTED CONTENTS NOTE
Formatted contents note Introduction and background -- Description of systems -- Full-scale room test data -- Standards -- Regulations, approval and certification -- Planning and specification -- Other issues -- Conclusions -- References
520 ## - SUMMARY, ETC.
Summary, etc. Examines fixed gas extinguishing systems and discusses relevant standards and regulations, as well as looking at selecting and specifying systems. Also presents data from a variety of full-scale room tests.
521 ## - TARGET AUDIENCE NOTE
Target audience note Advanced
590 ## - LOCAL NOTE (RLIN)
Local note KA
651 #4 - SUBJECT ADDED ENTRY--GEOGRAPHIC NAME
Geographic name United Kingdom
Chronological subdivision
690 ## - LOCAL SUBJECT ADDED ENTRY--TOPICAL TERM (OCLC, RLIN)
Topical term or geographic name as entry element MANAGEMENT-HEALTH AND SAFETY-FIRE SAFETY-FIRE SAFETY ENGINEERING
942 ## - ADDED ENTRY ELEMENTS (KOHA)
Suppress in OPAC 0
Holdings
Withdrawn status Lost status Source of classification or shelving scheme Damaged status Not for loan Home library Current library Shelving location Date acquired Total Checkouts Full call number Barcode Date last seen Copy number Price effective from Koha item type
    Dewey Decimal Classification     London London BRE publications 17/05/2011   BRE 30077197 06/08/2019 1 06/08/2019 Reference material